<?xml version="1.0" encoding="UTF-8"?>
<record
    xmlns:xsi="http://www.w3.org/2001/XMLSchema-instance"
    xsi:schemaLocation="http://www.loc.gov/MARC21/slim http://www.loc.gov/standards/marcxml/schema/MARC21slim.xsd"
    xmlns="http://www.loc.gov/MARC21/slim">

  <leader>01554nam0a2200301   4500</leader>
  <controlfield tag="001">RU\NLR\bibl\467668</controlfield>
  <controlfield tag="005">20250623185516.0</controlfield>
  <datafield tag="035" ind1=" " ind2=" ">
    <subfield code="a">(NLR Aleph) 000461003</subfield>
  </datafield>
  <datafield tag="090" ind1=" " ind2=" ">
    <subfield code="a">933849</subfield>
    <subfield code="c">933849</subfield>
  </datafield>
  <datafield tag="100" ind1=" " ind2=" ">
    <subfield code="a">20031202d1997    |||y0rusy50      ca</subfield>
  </datafield>
  <datafield tag="101" ind1="0" ind2=" ">
    <subfield code="a">rus</subfield>
  </datafield>
  <datafield tag="102" ind1=" " ind2=" ">
    <subfield code="a">RU</subfield>
  </datafield>
  <datafield tag="105" ind1=" " ind2=" ">
    <subfield code="a">y   |||||||||</subfield>
  </datafield>
  <datafield tag="200" ind1="1" ind2=" ">
    <subfield code="a">&#x41E;&#x434;&#x43D;&#x430; &#x438;&#x437; &#x43C;&#x43E;&#x438;&#x445; &#x43A;&#x430;&#x440;&#x442;&#x438;&#x43D;</subfield>
    <subfield code="e">&#x417;&#x430;&#x43F;. &#x43A;&#x438;&#x43D;&#x43E;&#x440;&#x435;&#x436;&#x438;&#x441;&#x441;&#x435;&#x440;&#x430;</subfield>
    <subfield code="f">&#x41F;.&#x412;. &#x41A;&#x43B;&#x443;&#x448;&#x430;&#x43D;&#x446;&#x435;&#x432;</subfield>
    <subfield code="g">&#x41F;&#x43E;&#x434; &#x440;&#x435;&#x434;. &#x437;&#x430;&#x441;&#x43B;. &#x434;&#x435;&#x44F;&#x442;. &#x438;&#x441;&#x43A;&#x443;&#x441;&#x441;&#x442;&#x432; &#x420;&#x43E;&#x441;. &#x424;&#x435;&#x434;&#x435;&#x440;&#x430;&#x446;&#x438;&#x438; &#x418;.&#x417;. &#x412;&#x43E;&#x439;&#x442;&#x435;&#x43D;&#x43A;&#x43E;</subfield>
    <subfield code="g">&#x413;&#x43E;&#x441;&#x43A;&#x438;&#x43D;&#x43E; &#x420;&#x43E;&#x441;&#x441;&#x438;&#x438;, &#x421;.-&#x41F;&#x435;&#x442;&#x435;&#x440;&#x431;. &#x438;&#x43D;-&#x442; &#x43A;&#x438;&#x43D;&#x43E; &#x438; &#x442;&#x435;&#x43B;&#x435;&#x432;&#x438;&#x434;&#x435;&#x43D;&#x438;&#x44F;</subfield>
  </datafield>
  <datafield tag="210" ind1=" " ind2=" ">
    <subfield code="a">&#x421;&#x41F;&#x431;.</subfield>
    <subfield code="c">&#x421;&#x41F;&#x418;&#x41A;&#x438;&#x422;</subfield>
    <subfield code="d">1997</subfield>
  </datafield>
  <datafield tag="215" ind1=" " ind2=" ">
    <subfield code="a">85 &#x441;.</subfield>
    <subfield code="d">20</subfield>
  </datafield>
  <datafield tag="300" ind1=" " ind2=" ">
    <subfield code="a">&#x41D;&#x430; &#x43E;&#x431;&#x43E;&#x440;&#x43E;&#x442;&#x435; &#x442;&#x438;&#x442;. &#x43B;. &#x430;&#x432;&#x442;.: &#x41F;.&#x412;. &#x41A;&#x43B;&#x443;&#x448;&#x430;&#x43D;&#x446;&#x435;&#x432; - &#x440;&#x435;&#x436;&#x438;&#x441;&#x441;&#x435;&#x440;, &#x437;&#x430;&#x441;&#x43B;. &#x434;&#x435;&#x44F;&#x442;. &#x438;&#x441;&#x43A;&#x443;&#x441;&#x441;&#x442;&#x432; &#x420;&#x43E;&#x441;. &#x424;&#x435;&#x434;&#x435;&#x440;&#x430;&#x446;&#x438;&#x438;</subfield>
  </datafield>
  <datafield tag="600" ind1=" " ind2="1">
    <subfield code="a">&#x41A;&#x43B;&#x443;&#x448;&#x430;&#x43D;&#x446;&#x435;&#x432;</subfield>
    <subfield code="b">&#x41F;.&#x412;.</subfield>
    <subfield code="f">1910 - 1999</subfield>
    <subfield code="g">&#x41F;&#x430;&#x432;&#x435;&#x43B; &#x412;&#x43B;&#x430;&#x434;&#x438;&#x43C;&#x438;&#x440;&#x43E;&#x432;&#x438;&#x447;</subfield>
    <subfield code="j">&#x412;&#x43E;&#x441;&#x43F;&#x43E;&#x43C;&#x438;&#x43D;&#x430;&#x43D;&#x438;&#x44F;, &#x437;&#x430;&#x43F;&#x438;&#x441;&#x43A;&#x438; &#x438; &#x442;.&#x43F;.</subfield>
    <subfield code="9">2312742</subfield>
    <subfield code="3">RU\NLR\auth\661384069</subfield>
  </datafield>
  <datafield tag="605" ind1=" " ind2=" ">
    <subfield code="a">"&#x414;&#x43E;&#x440;&#x43E;&#x433;&#x430; &#x43A; &#x437;&#x432;&#x435;&#x437;&#x434;&#x430;&#x43C;", &#x43A;&#x438;&#x43D;&#x43E;&#x444;&#x438;&#x43B;&#x44C;&#x43C;</subfield>
    <subfield code="j">&#x412;&#x43E;&#x441;&#x43F;&#x43E;&#x43C;&#x438;&#x43D;&#x430;&#x43D;&#x438;&#x44F;, &#x437;&#x430;&#x43F;&#x438;&#x441;&#x43A;&#x438; &#x438; &#x442;.&#x43F;.</subfield>
    <subfield code="9">2312747</subfield>
    <subfield code="3">RU\NLR\auth\661384072</subfield>
  </datafield>
  <datafield tag="686" ind1=" " ind2=" ">
    <subfield code="a">&#x429;376.63(2&#x420;)7-7"&#x414;&#x43E;&#x440;&#x43E;&#x433;&#x430; &#x43A; &#x437;&#x432;&#x435;&#x437;&#x434;&#x430;&#x43C; "</subfield>
  </datafield>
  <datafield tag="686" ind1=" " ind2=" ">
    <subfield code="a">&#x429;376.63(2&#x420;)7-85&#x41A;&#x43B;&#x443;&#x448;&#x430;&#x43D;&#x446;&#x435;&#x432;</subfield>
  </datafield>
  <datafield tag="700" ind1=" " ind2="1">
    <subfield code="a">&#x41A;&#x43B;&#x443;&#x448;&#x430;&#x43D;&#x446;&#x435;&#x432;</subfield>
    <subfield code="b">&#x41F;. &#x412;.</subfield>
    <subfield code="g">&#x41F;&#x430;&#x432;&#x435;&#x43B; &#x412;&#x43B;&#x430;&#x434;&#x438;&#x43C;&#x438;&#x440;&#x43E;&#x432;&#x438;&#x447;</subfield>
    <subfield code="4">070</subfield>
  </datafield>
  <datafield tag="801" ind1=" " ind2="0">
    <subfield code="a">RU</subfield>
    <subfield code="b">NLR</subfield>
    <subfield code="c">20031202</subfield>
    <subfield code="g">PSBO</subfield>
  </datafield>
  <datafield tag="801" ind1=" " ind2="1">
    <subfield code="a">RU</subfield>
    <subfield code="b">NLR</subfield>
    <subfield code="c">20031202</subfield>
  </datafield>
  <datafield tag="830" ind1=" " ind2=" ">
    <subfield code="a">&#x410;&#x432;&#x442;. &#x43F;&#x43E; &#x43A;&#x43D;.</subfield>
  </datafield>
  <datafield tag="942" ind1=" " ind2=" ">
    <subfield code="c">BOOK</subfield>
  </datafield>
  <datafield tag="980" ind1=" " ind2=" ">
    <subfield code="a">NB</subfield>
  </datafield>
  <datafield tag="995" ind1=" " ind2=" ">
    <subfield code="5">2003-12-02</subfield>
    <subfield code="a">ab</subfield>
    <subfield code="b">NLR01</subfield>
    <subfield code="c">NLR01</subfield>
    <subfield code="e">RF3</subfield>
    <subfield code="f">1-1194289</subfield>
    <subfield code="k">2003-4/25149</subfield>
    <subfield code="o">0</subfield>
    <subfield code="r">BOOK</subfield>
    <subfield code="s">2003425149_</subfield>
  </datafield>
</record>
